000 00474nam a2200169Ia 4500
005 20250326143729.0
008 250326s9999 xx 000 0 und d
037 _aTextbook
040 _aFMSL
_beng
_cFMSL
041 _aeng
_2eng
084 _aX:74 P1
_qFMSL
100 _aStauffer D
_9748445
245 0 _aD2D Dinosaur to dynamo
_cStauffer D
260 _aUnited Kingdom
_bUnited Kingdom, Capstone
_c2001
942 _cTB
_hX:74 P1
999 _c1300776
_d1300776